<The> Course "Economic history" as the part of the international project "Improving the quality of doctoral study and promotion of international research at the University of Economics in Bratislava"

Vzdelávací doktorandský program s cieľom zvýšiť medzištátnu spoluprácu vo výskume a zvýšiť kvalitu doktorandského štúdia. Program bol zameraný na riešenie problémov s dátami z minulosti, aplikáciou teórií pre modernú ekonomiku a modelovaním premenných z minulosti.

Guardado en:
Detalles Bibliográficos
Autor principal: Vongrej, Marián
Formato: Capítulo de libro
Lenguaje:inglés
Materias:
Etiquetas: Agregar Etiqueta
Sin Etiquetas, Sea el primero en etiquetar este registro!

MARC

LEADER 00000naa$a2200000$$$4500
001 0211222
005 20240502083527.5
041 0 |a eng 
044 |a UA 
245 1 0 |a <The> Course "Economic history" as the part of the international project "Improving the quality of doctoral study and promotion of international research at the University of Economics in Bratislava"  |c Marián Vongrej 
520 |a Vzdelávací doktorandský program s cieľom zvýšiť medzištátnu spoluprácu vo výskume a zvýšiť kvalitu doktorandského štúdia. Program bol zameraný na riešenie problémov s dátami z minulosti, aplikáciou teórií pre modernú ekonomiku a modelovaním premenných z minulosti. 
610 2 0 |a štúdium doktorandské 
610 2 0 |a vzdelávanie vysokoškolské 
610 2 0 |a politika vzdelávania 
610 2 0 |a programy študijné 
610 2 0 |a spolupráca vedecká medzinárodná 
610 2 0 |a spolupráca vedeckovýskumná 
610 2 0 |a univerzity 
100 1 |a Vongrej, Marián